000 00324nam a2200145Ia 4500
003 OSt
005 20240409095515.0
008 170524s9999 xx 000 0 und d
020 _a ‎ 0074602063
040 _cIIMTU MEERUT
100 _aKAZMI
245 0 _aBUSINESS POLICY
260 _aTATA MC GRAW HILL
942 _2ddc
_c02
999 _c2034
_d2034